000 00472nam a2200193Ia 4500
005 20250423100059.0
008 250422s9999 xx 000 0 und d
020 _a039397315-8
050 _aHD 30.22 .M355/
100 _aEdwin Mansfield
245 0 _aManagerial Economics : An analysis For Business Issues
250 _a4th ed.
260 _aNew york
260 _bNorton and Company
260 _c1999
300 _a671 p
650 _aEconomics
942 _cBK
999 _c32226
_d32226